Biggest Cities in Colorado A-Z - Statistics

General Stats
  • This quiz has been taken 38 times
  • The average score is 11 of 22
Answer Stats
Letter Population Answer % Correct
B 104,175 Boulder
100%
D 711,463 Denver
100%
C 483,956 Colorado Springs
94%
A 389,347 Aurora
88%
F 168,538 Fort Collins
85%
P 112,368 Pueblo
82%
G 109,323 Greeley
79%
L 156,605 Lakewood
67%
T 142,610 Thornton
58%
V 4,735 Vail
48%
W 114,561 Westminster
48%
M 20,648 Montrose
42%
S 13,739 Sterling
30%
E 33,516 Englewood
27%
Y 3,455 Yuma
27%
N 37,333 Northglenn
24%
R 10,518 Rifle
24%
I 1,781 Idaho Springs
21%
J 18,204 Johnstown
12%
H 2,332 Holyoke
9%
K 1,726 Keenesburg
6%
O 3,199 Orchard City
3%
No matching quizzes found
Score Distribution
Percent of People with Each Score
Percentile by Number Answered
Your Score History
You have not taken this quiz